[Event "English Schools Championship Final 2024"]
[Site "Nottingham University Kings Meadow Campus, United Kingdom"]
[Date "2024.06.27"]
[Round "1.31"]
[White "Yoon, Jacob D"]
[Black "Sanfey, Gregor"]
[Result "1-0"]
[TimeControl "G50' + 10\" per move."]
[WhiteFideId "446076"]
[BlackFideId "467928"]
[WhiteElo "2279"]
[BlackElo "1767"]

1. d4 {[%clk 00:50:19]} b6 {[%clk 00:50:17]} {[%emt 00:00:04]} 2. c4 {[%clk
00:49:46]} {[%emt 00:00:42]} Bb7 {[%clk 00:50:23]} {[%emt 00:00:04]} 3. Nf3
{[%clk 00:49:32]} {[%emt 00:00:25]} e6 {[%clk 00:49:51]} {[%emt 00:00:42]} 4.
g3 {[%clk 00:49:37]} {[%emt 00:00:04]} f5 {[%clk 00:45:29]} {[%emt 00:04:32]} 5.
Bg2 {[%clk 00:49:42]} {[%emt 00:00:04]} Nf6 {[%clk 00:45:35]} {[%emt 00:00:05]}
6. O-O {[%clk 00:49:47]} {[%emt 00:00:05]} Be7 {[%clk 00:45:36]} {[%emt
00:00:10]} 7. Nc3 {[%clk 00:49:44]} {[%emt 00:00:12]} d6 {[%clk 00:45:33]}
{[%emt 00:00:13]} 8. Qc2 {[%clk 00:46:01]} {[%emt 00:03:52]} Qc8 {[%clk
00:43:34]} {[%emt 00:02:10]} 9. c5 {[%clk 00:42:32]} {[%emt 00:03:39]} dxc5
{[%clk 00:40:23]} {[%emt 00:03:21]} 10. dxc5 {[%clk 00:37:19]} {[%emt
00:05:23]} Bxc5 {[%clk 00:39:54]} {[%emt 00:00:40]} 11. b4 {[%clk 00:37:03]}
{[%emt 00:00:25]} Bd6 {[%clk 00:30:48]} {[%emt 00:09:16]} 12. Nb5 {[%clk
00:34:49]} {[%emt 00:02:24]} Nc6 {[%clk 00:29:24]} {[%emt 00:01:34]} 13. Rd1
{[%clk 00:24:19]} {[%emt 00:10:40]} Ke7 {[%clk 00:26:53]} {[%emt 00:02:41]} 14.
Nxd6 {[%clk 00:14:26]} {[%emt 00:10:04]} cxd6 {[%clk 00:26:25]} {[%emt
00:00:38]} 15. Bf4 {[%clk 00:14:31]} {[%emt 00:00:04]} Ne5 {[%clk 00:09:26]}
{[%emt 00:17:09]} 16. Qa4 {[%clk 00:09:22]} {[%emt 00:05:18]} Nxf3+ {[%clk
00:07:49]} {[%emt 00:01:49]} 17. Bxf3 {[%clk 00:07:59]} {[%emt 00:01:33]} d5
{[%clk 00:07:53]} {[%emt 00:00:05]} 18. Rac1 {[%clk 00:07:39]} {[%emt
00:00:30]} Qe8 {[%clk 00:05:01]} {[%emt 00:03:02]} 19. Rc7+ {[%clk 00:07:44]}
{[%emt 00:00:05]} Kd8 {[%clk 00:05:05]} {[%emt 00:00:06]} 20. Qc2 {[%clk
00:05:06]} {[%emt 00:02:48]} Ba6 {[%clk 00:01:27]} {[%emt 00:03:49]} 21. Rxg7
{[%clk 00:05:12]} {[%emt 00:00:03]} Rc8 {[%clk 00:01:35]} {[%emt 00:00:02]} 22.
Bc7+ {[%clk 00:05:17]} {[%emt 00:00:05]} 1-0

[Event "English Schools Championship Final 2024"]
[Site "Nottingham University Kings Meadow Campus, United Kingdom"]
[Date "2024.06.27"]
[Round "1.32"]
[White "Rasalingam, Rishi"]
[Black "Pichugov, Andrey"]
[Result "0-1"]
[TimeControl "G50' + 10\" per move."]
[WhiteFideId "452017"]
[BlackFideId "490075"]
[WhiteElo "1365"]
[BlackElo "2029"]

1. e4 {[%clk 00:50:18]} {[%emt 00:00:02]} c5 {[%clk 00:50:13]} {[%emt
00:00:08]} 2. Nc3 {[%clk 00:50:16]} {[%emt 00:00:12]} Nc6 {[%clk 00:50:20]}
{[%emt 00:00:03]} 3. Bb5 {[%clk 00:50:16]} {[%emt 00:00:10]} Nd4 {[%clk
00:50:22]} {[%emt 00:00:08]} 4. Nf3 {[%clk 00:50:18]} {[%emt 00:00:08]} a6
{[%clk 00:49:30]} {[%emt 00:01:01]} 5. Bd3 {[%clk 00:50:21]} {[%emt 00:00:07]}
d6 {[%clk 00:49:05]} {[%emt 00:00:36]} 6. Nxd4 {[%clk 00:46:52]} {[%emt
00:03:39]} cxd4 {[%clk 00:49:13]} {[%emt 00:00:02]} 7. Ne2 {[%clk 00:46:47]}
{[%emt 00:00:15]} e5 {[%clk 00:48:19]} {[%emt 00:01:04]} 8. c3 {[%clk
00:46:31]} {[%emt 00:00:26]} dxc3 {[%clk 00:48:15]} {[%emt 00:00:14]} 9. bxc3
{[%clk 00:46:09]} {[%emt 00:00:31]} Nf6 {[%clk 00:46:52]} {[%emt 00:01:34]} 10.
Bc2 {[%clk 00:43:55]} {[%emt 00:02:24]} Be7 {[%clk 00:46:12]} {[%emt 00:00:49]}
11. O-O {[%clk 00:40:24]} {[%emt 00:01:16]} O-O {[%clk 00:44:52]} {[%emt
00:03:56]} 12. d4 {[%clk 00:40:06]} {[%emt 00:00:28]} Qc7 {[%clk 00:43:57]}
{[%emt 00:01:04]} 13. d5 {[%clk 00:37:24]} {[%emt 00:02:52]} b5 {[%clk
00:38:20]} {[%emt 00:05:47]} 14. h3 {[%clk 00:36:24]} {[%emt 00:01:11]} Nd7
{[%clk 00:35:40]} {[%emt 00:02:49]} 15. Be3 {[%clk 00:34:38]} {[%emt 00:01:58]}
Nb6 {[%clk 00:34:46]} {[%emt 00:01:03]} 16. a4 {[%clk 00:31:42]} {[%emt
00:03:05]} Bd7 {[%clk 00:32:29]} {[%emt 00:02:27]} 17. Bxb6 {[%clk 00:27:52]}
{[%emt 00:04:00]} Qxb6 {[%clk 00:32:35]} {[%emt 00:00:05]} 18. a5 {[%clk
00:27:39]} {[%emt 00:00:23]} Qc5 {[%clk 00:32:03]} {[%emt 00:00:42]} 19. Qd2
{[%clk 00:27:17]} {[%emt 00:00:32]} Rac8 {[%clk 00:31:11]} {[%emt 00:01:01]} 20.
Bd3 {[%clk 00:25:30]} {[%emt 00:01:57]} f5 {[%clk 00:27:13]} {[%emt 00:04:09]}
21. Qe3 {[%clk 00:23:55]} {[%emt 00:01:44]} Qxe3 {[%clk 00:26:31]} {[%emt
00:00:52]} 22. fxe3 {[%clk 00:23:59]} {[%emt 00:00:06]} fxe4 {[%clk 00:26:11]}
{[%emt 00:00:30]} 23. Bxe4 {[%clk 00:23:51]} {[%emt 00:00:18]} Bg5 {[%clk
00:26:13]} {[%emt 00:00:08]} 24. Kh1 {[%clk 00:13:22]} {[%emt 00:10:40]} Bxe3
{[%clk 00:24:46]} {[%emt 00:01:36]} 25. Rxf8+ {[%clk 00:13:00]} {[%emt
00:00:32]} Rxf8 {[%clk 00:24:42]} {[%emt 00:00:14]} 26. Bf3 {[%clk 00:12:15]}
{[%emt 00:00:55]} Bxh3 {[%clk 00:23:34]} {[%emt 00:01:18]} 27. Ng3 {[%clk
00:11:15]} {[%emt 00:01:10]} Bf5 {[%clk 00:20:14]} {[%emt 00:03:30]} 28. Nxf5
{[%clk 00:10:11]} {[%emt 00:01:15]} Rxf5 {[%clk 00:20:23]} {[%emt 00:00:01]} 29.
Bg4 {[%clk 00:10:01]} {[%emt 00:00:20]} Rf6 {[%clk 00:19:36]} {[%emt 00:00:56]}
30. Be6+ {[%clk 00:09:36]} {[%emt 00:00:35]} Kh8 {[%clk 00:18:45]} {[%emt
00:01:02]} 31. Kh2 {[%clk 00:08:04]} {[%emt 00:01:43]} Rf8 {[%clk 00:15:59]}
{[%emt 00:02:55]} 32. Rb1 {[%clk 00:07:29]} {[%emt 00:00:45]} Bd2 {[%clk
00:14:07]} {[%emt 00:02:03]} 33. c4 {[%clk 00:07:12]} {[%emt 00:00:27]} bxc4
{[%clk 00:08:28]} {[%emt 00:05:49]} 34. Rb6 {[%clk 00:07:01]} {[%emt 00:00:21]}
c3 {[%clk 00:08:29]} {[%emt 00:00:08]} 35. Rc6 {[%clk 00:06:19]} {[%emt
00:00:52]} e4 {[%clk 00:08:30]} {[%emt 00:00:10]} 36. Bc8 {[%clk 00:05:43]}
{[%emt 00:00:45]} g5 {[%clk 00:07:07]} {[%emt 00:01:34]} 37. Bxa6 {[%clk
00:05:41]} {[%emt 00:00:10]} Ra8 {[%clk 00:07:01]} {[%emt 00:00:17]} 38. Be2
{[%clk 00:03:40]} {[%emt 00:02:11]} Rxa5 {[%clk 00:06:55]} {[%emt 00:00:15]} 39.
Bd1 {[%clk 00:03:46]} {[%emt 00:00:06]} Rxd5 {[%clk 00:06:48]} {[%emt
00:00:17]} 40. Rc8+ {[%clk 00:03:47]} {[%emt 00:00:09]} Kg7 {[%clk 00:06:48]}
{[%emt 00:00:10]} 41. Rc7+ {[%clk 00:03:56]} Kg6 {[%clk 00:06:18]} {[%emt
00:00:39]} 42. Bc2 {[%clk 00:03:59]} {[%emt 00:00:08]} Rd4 {[%clk 00:06:13]}
{[%emt 00:00:15]} 43. Re7 {[%clk 00:03:59]} {[%emt 00:00:09]} d5 {[%clk
00:06:09]} {[%emt 00:00:14]} 44. g4 {[%clk 00:03:56]} {[%emt 00:00:13]} Bf4+
{[%clk 00:06:08]} {[%emt 00:00:11]} 45. Kh3 {[%clk 00:03:43]} {[%emt 00:00:40]}
Rd3+ {[%clk 00:05:19]} {[%emt 00:01:06]} 46. Bxd3 {[%clk 00:03:37]} {[%emt
00:00:16]} exd3 {[%clk 00:05:23]} {[%emt 00:00:06]} 47. Re6+ {[%clk 00:03:26]}
{[%emt 00:00:21]} Kf7 {[%clk 00:05:29]} {[%emt 00:00:05]} 48. Ra6 {[%clk
00:03:08]} {[%emt 00:00:27]} c2 {[%clk 00:05:33]} {[%emt 00:00:06]} 49. Ra7+
{[%clk 00:03:17]} {[%emt 00:00:02]} Ke8 {[%clk 00:05:33]} {[%emt 00:00:10]} 50.
Ra8+ {[%clk 00:03:23]} {[%emt 00:00:04]} Kd7 {[%clk 00:05:39]} {[%emt
00:00:04]} 51. Ra7+ {[%clk 00:03:30]} {[%emt 00:00:03]} Kc8 {[%clk 00:05:44]}
{[%emt 00:00:05]} 52. Rxh7 {[%clk 00:03:34]} {[%emt 00:00:05]} c1=Q {[%clk
00:05:09]} {[%emt 00:00:45]} 53. Rh8+ {[%clk 00:03:38]} {[%emt 00:00:07]} Kb7
{[%clk 00:05:15]} {[%emt 00:00:04]} 54. Rh7+ {[%clk 00:03:42]} {[%emt
00:00:05]} Bc7 {[%clk 00:05:14]} {[%emt 00:00:12]} 0-1

[Event "English Schools Championship Final 2024"]
[Site "Nottingham University Kings Meadow Campus, United Kingdom"]
[Date "2024.06.27"]
[Round "1.33"]
[White "Pushyna, Platon"]
[Black "Burnton, Joshua"]
[Result "0-1"]
[TimeControl "G50' + 10\" per move."]
[WhiteFideId "343422314"]
[BlackFideId "343401317"]
[WhiteElo "1909"]
[BlackElo "1846"]

1. e4 {[%clk 00:50:19]} {[%emt 00:00:01]} e5 {[%clk 00:50:16]} {[%emt
00:00:05]} 2. Nf3 {[%clk 00:50:23]} {[%emt 00:00:05]} Nc6 {[%clk 00:50:22]}
{[%emt 00:00:04]} 3. Bc4 {[%clk 00:50:27]} {[%emt 00:00:06]} Nf6 {[%clk
00:50:26]} {[%emt 00:00:06]} 4. Ng5 {[%clk 00:50:22]} {[%emt 00:00:14]} d5
{[%clk 00:50:28]} {[%emt 00:00:08]} 5. exd5 {[%clk 00:50:26]} {[%emt 00:00:07]}
Na5 {[%clk 00:50:36]} {[%emt 00:00:02]} 6. Bb5+ {[%clk 00:50:25]} {[%emt
00:00:11]} c6 {[%clk 00:50:39]} {[%emt 00:00:07]} 7. dxc6 {[%clk 00:50:02]}
{[%emt 00:00:33]} bxc6 {[%clk 00:50:45]} {[%emt 00:00:05]} 8. Qf3 {[%clk
00:50:02]} {[%emt 00:00:09]} Be7 {[%clk 00:50:40]} {[%emt 00:00:15]} 9. Ne4
{[%clk 00:49:04]} {[%emt 00:01:08]} Nd5 {[%clk 00:45:52]} {[%emt 00:04:58]} 10.
Nec3 {[%clk 00:43:53]} {[%emt 00:05:21]} Be6 {[%clk 00:41:38]} {[%emt
00:04:24]} 11. Bd3 {[%clk 00:40:58]} {[%emt 00:03:04]} O-O {[%clk 00:32:23]}
{[%emt 00:09:26]} 12. O-O {[%clk 00:40:27]} {[%emt 00:00:41]} f5 {[%clk
00:31:02]} {[%emt 00:01:30]} 13. Qe2 {[%clk 00:36:32]} {[%emt 00:04:05]} e4
{[%clk 00:27:21]} {[%emt 00:03:52]} 14. Nxd5 {[%clk 00:34:34]} {[%emt
00:02:08]} Bxd5 {[%clk 00:25:12]} {[%emt 00:02:18]} 15. Ba6 {[%clk 00:32:40]}
{[%emt 00:02:05]} f4 {[%clk 00:23:16]} {[%emt 00:02:06]} 16. c4 {[%clk
00:31:26]} {[%emt 00:01:24]} f3 {[%clk 00:22:05]} {[%emt 00:01:22]} 17. Qe3
{[%clk 00:31:31]} {[%emt 00:00:04]} Nxc4 {[%clk 00:21:35]} {[%emt 00:00:40]} 18.
Bxc4 {[%clk 00:30:50]} {[%emt 00:00:50]} Bxc4 {[%clk 00:21:38]} {[%emt
00:00:07]} 19. Re1 {[%clk 00:30:17]} {[%emt 00:00:44]} Bd3 {[%clk 00:18:10]}
{[%emt 00:03:38]} 20. Nc3 {[%clk 00:30:17]} {[%emt 00:00:10]} Bg5 {[%clk
00:17:41]} {[%emt 00:00:38]} 21. Qc5 {[%clk 00:30:22]} {[%emt 00:00:06]} Re8
{[%clk 00:15:07]} {[%emt 00:02:44]} 22. Qxc6 {[%clk 00:27:29]} {[%emt
00:03:03]} Kh8 {[%clk 00:08:47]} {[%emt 00:06:30]} 23. Nxe4 {[%clk 00:26:15]}
{[%emt 00:01:24]} Rc8 {[%clk 00:08:04]} {[%emt 00:00:54]} 24. Qb7 {[%clk
00:20:49]} {[%emt 00:05:35]} Rc7 {[%clk 00:07:41]} {[%emt 00:00:33]} 25. Qb4
{[%clk 00:20:40]} {[%emt 00:00:19]} Rc4 {[%clk 00:07:44]} {[%emt 00:00:07]} 26.
Qb5 {[%clk 00:19:37]} {[%emt 00:01:14]} Rcxe4 {[%clk 00:07:22]} {[%emt
00:00:32]} 0-1

[Event "English Schools Championship Final 2024"]
[Site "Nottingham University Kings Meadow Campus, United Kingdom"]
[Date "2024.06.27"]
[Round "1.35"]
[White "Botgros, Alex"]
[Black "Chen, Eng Jie"]
[Result "1/2-1/2"]
[TimeControl "G50' + 10\" per move."]
[BlackFideId "343428584"]
[WhiteElo "1700"]
[BlackElo "1718"]

1. d4 {[%clk 00:50:19]} d5 {[%clk 00:50:12]} {[%emt 00:00:10]} 2. Bf4 {[%clk
00:50:21]} {[%emt 00:00:07]} c5 {[%clk 00:50:08]} {[%emt 00:00:13]} 3. e3
{[%clk 00:50:01]} {[%emt 00:00:30]} Nc6 {[%clk 00:49:56]} {[%emt 00:00:22]} 4.
Nf3 {[%clk 00:49:41]} {[%emt 00:00:30]} Nf6 {[%clk 00:49:44]} {[%emt 00:00:22]}
5. c3 {[%clk 00:48:27]} {[%emt 00:01:24]} Qb6 {[%clk 00:49:42]} {[%emt
00:00:13]} 6. Qc1 {[%clk 00:46:35]} {[%emt 00:02:02]} Bf5 {[%clk 00:48:38]}
{[%emt 00:01:14]} 7. Nbd2 {[%clk 00:45:53]} {[%emt 00:00:52]} e6 {[%clk
00:47:49]} {[%emt 00:00:59]} 8. Nh4 {[%clk 00:44:49]} {[%emt 00:01:14]} Bg6
{[%clk 00:47:28]} {[%emt 00:00:31]} 9. Nxg6 {[%clk 00:44:10]} {[%emt 00:00:49]}
hxg6 {[%clk 00:47:25]} {[%emt 00:00:13]} 10. h3 {[%clk 00:43:41]} {[%emt
00:00:39]} Rc8 {[%clk 00:46:15]} {[%emt 00:01:20]} 11. Qb1 {[%clk 00:40:20]}
{[%emt 00:03:31]} cxd4 {[%clk 00:45:24]} {[%emt 00:01:01]} 12. exd4 {[%clk
00:39:59]} {[%emt 00:00:31]} Qd8 {[%clk 00:44:30]} {[%emt 00:01:03]} 13. Bd3
{[%clk 00:39:27]} {[%emt 00:00:43]} Bd6 {[%clk 00:44:00]} {[%emt 00:00:40]} 14.
Bxd6 {[%clk 00:38:23]} {[%emt 00:01:13]} Qxd6 {[%clk 00:44:00]} {[%emt
00:00:10]} 15. Nf3 {[%clk 00:36:46]} {[%emt 00:01:47]} O-O {[%clk 00:43:21]}
{[%emt 00:00:49]} 16. O-O {[%clk 00:36:28]} {[%emt 00:00:28]} Rb8 {[%clk
00:42:38]} {[%emt 00:00:53]} 17. a4 {[%clk 00:35:35]} {[%emt 00:01:03]} Rfc8
{[%clk 00:41:34]} {[%emt 00:01:15]} 18. Re1 {[%clk 00:34:36]} {[%emt 00:01:09]}
Nd7 {[%clk 00:40:10]} {[%emt 00:01:34]} 19. Bb5 {[%clk 00:28:27]} {[%emt
00:06:18]} a6 {[%clk 00:39:38]} {[%emt 00:00:42]} 20. Bxc6 {[%clk 00:28:31]}
{[%emt 00:00:06]} bxc6 {[%clk 00:39:32]} {[%emt 00:00:16]} 21. Ra2 {[%clk
00:24:05]} {[%emt 00:04:36]} c5 {[%clk 00:38:16]} {[%emt 00:01:27]} 22. Qd3
{[%clk 00:23:55]} {[%emt 00:00:20]} cxd4 {[%clk 00:36:37]} {[%emt 00:01:49]} 23.
cxd4 {[%clk 00:22:22]} {[%emt 00:01:43]} Qb4 {[%clk 00:34:34]} {[%emt
00:02:12]} 24. Rd1 {[%clk 00:21:42]} {[%emt 00:00:50]} Rc4 {[%clk 00:29:50]}
{[%emt 00:04:54]} 25. Rb1 {[%clk 00:17:50]} {[%emt 00:04:03]} Qd6 {[%clk
00:28:31]} {[%emt 00:01:29]} 26. b3 {[%clk 00:17:29]} {[%emt 00:00:31]} Rcb4
{[%clk 00:27:34]} {[%emt 00:01:06]} 27. Rab2 {[%clk 00:17:11]} {[%emt
00:00:28]} Qb6 {[%clk 00:26:24]} {[%emt 00:01:21]} 28. Qc3 {[%clk 00:16:24]}
{[%emt 00:00:57]} Nf6 {[%clk 00:20:12]} {[%emt 00:06:22]} 29. Qd3 {[%clk
00:13:21]} {[%emt 00:03:13]} Ne4 {[%clk 00:17:54]} {[%emt 00:02:27]} 30. Rc1
{[%clk 00:11:32]} {[%emt 00:01:59]} Rxa4 {[%clk 00:16:12]} {[%emt 00:01:53]} 31.
Rbc2 {[%clk 00:09:03]} {[%emt 00:02:39]} Qxb3 {[%clk 00:13:32]} {[%emt
00:02:50]} 32. Rc8+ {[%clk 00:08:49]} {[%emt 00:00:24]} Kh7 {[%clk 00:12:45]}
{[%emt 00:00:56]} 33. Qxb3 {[%clk 00:08:33]} {[%emt 00:00:27]} Rxb3 {[%clk
00:12:44]} {[%emt 00:00:11]} 34. R8c7 {[%clk 00:08:28]} {[%emt 00:00:15]} Rba3
{[%clk 00:08:24]} {[%emt 00:04:29]} 35. Rxf7 {[%clk 00:07:25]} {[%emt
00:01:13]} Ra1 {[%clk 00:08:22]} {[%emt 00:00:13]} 36. Rfc7 {[%clk 00:06:54]}
{[%emt 00:00:41]} Rxc1+ {[%clk 00:06:29]} {[%emt 00:02:03]} 37. Rxc1 {[%clk
00:07:02]} {[%emt 00:00:01]} Rc4 {[%clk 00:06:18]} {[%emt 00:00:21]} 38. Ra1
{[%clk 00:07:00]} {[%emt 00:00:12]} Rc6 {[%clk 00:06:09]} {[%emt 00:00:20]} 39.
Ne5 {[%clk 00:07:04]} {[%emt 00:00:06]} Rb6 {[%clk 00:05:53]} {[%emt 00:00:26]}
40. Nd7 {[%clk 00:06:54]} {[%emt 00:00:21]} Rb7 {[%clk 00:04:56]} {[%emt
00:01:07]} 1/2-1/2

[Event "English Schools Championship Final 2024"]
[Site "Nottingham University Kings Meadow Campus, United Kingdom"]
[Date "2024.06.27"]
[Round "1.36"]
[White "Puig-Souto, Luca"]
[Black "Li, Yuanxi"]
[Result "1-0"]
[TimeControl "G50' + 10\" per move."]
[WhiteFideId "343448429"]
[BlackFideId "483192"]
[WhiteElo "1360"]
[BlackElo "1601"]

1. e4 {[%clk 00:50:18]} {[%emt 00:00:01]} c5 {[%clk 00:50:07]} {[%emt
00:00:13]} 2. Nc3 {[%clk 00:50:25]} {[%emt 00:00:04]} Nc6 {[%clk 00:50:09]}
{[%emt 00:00:08]} 3. Bb5 {[%clk 00:50:32]} {[%emt 00:00:03]} Nd4 {[%clk
00:49:29]} {[%emt 00:00:49]} 4. Nf3 {[%clk 00:50:36]} {[%emt 00:00:07]} a6
{[%clk 00:49:25]} {[%emt 00:00:13]} 5. Bd3 {[%clk 00:50:17]} {[%emt 00:00:30]}
g6 {[%clk 00:48:52]} {[%emt 00:00:43]} 6. a3 {[%clk 00:48:49]} {[%emt
00:01:38]} Bg7 {[%clk 00:45:44]} {[%emt 00:03:18]} 7. O-O {[%clk 00:45:40]}
{[%emt 00:03:19]} Rb8 {[%clk 00:43:26]} {[%emt 00:02:27]} 8. Rb1 {[%clk
00:44:31]} {[%emt 00:01:20]} d6 {[%clk 00:42:21]} {[%emt 00:01:15]} 9. h3
{[%clk 00:43:00]} {[%emt 00:01:40]} Nf6 {[%clk 00:41:11]} {[%emt 00:01:21]} 10.
b4 {[%clk 00:40:35]} {[%emt 00:02:34]} O-O {[%clk 00:38:04]} {[%emt 00:03:17]}
11. Nxd4 {[%emt 00:02:55]} cxd4 {[%clk 00:37:29]} {[%emt 00:00:41]} 12. Ne2
{[%clk 00:37:19]} {[%emt 00:00:45]} e5 {[%clk 00:35:34]} {[%emt 00:02:05]} 13.
Bb2 {[%clk 00:33:51]} {[%emt 00:03:39]} b5 {[%clk 00:34:17]} {[%emt 00:01:26]}
14. f4 {[%clk 00:32:17]} {[%emt 00:01:44]} Bb7 {[%clk 00:25:52]} {[%emt
00:08:35]} 15. Ng3 {[%clk 00:31:05]} {[%emt 00:01:23]} Qb6 {[%clk 00:23:59]}
{[%emt 00:02:02]} 16. Qe2 {[%clk 00:26:25]} {[%emt 00:04:49]} Rfe8 {[%clk
00:18:42]} {[%emt 00:05:28]} 17. Qf2 {[%clk 00:22:51]} {[%emt 00:03:45]} Qd8
{[%clk 00:14:44]} {[%emt 00:04:07]} 18. Rbe1 {[%clk 00:21:00]} {[%emt
00:02:01]} Rc8 {[%clk 00:12:38]} {[%emt 00:02:15]} 19. Kh1 {[%clk 00:16:34]}
{[%emt 00:04:36]} Rc7 {[%clk 00:11:20]} {[%emt 00:01:28]} 20. f5 {[%clk
00:12:44]} {[%emt 00:04:01]} Rf8 {[%clk 00:10:12]} {[%emt 00:01:19]} 21. Qf3
{[%clk 00:11:56]} {[%emt 00:00:57]} Qa8 {[%clk 00:05:36]} {[%emt 00:04:46]} 22.
Qe2 {[%clk 00:09:50]} {[%emt 00:02:16]} Nd7 {[%clk 00:04:40]} {[%emt 00:01:05]}
23. Rf2 {[%clk 00:09:07]} {[%emt 00:00:54]} Nf6 {[%clk 00:03:18]} {[%emt
00:01:32]} 24. Ref1 {[%clk 00:08:57]} {[%emt 00:00:20]} Re8 {[%clk 00:01:51]}
{[%emt 00:01:38]} 25. fxg6 {[%clk 00:08:47]} {[%emt 00:00:20]} fxg6 {[%clk
00:01:58]} {[%emt 00:00:02]} 26. Rxf6 {[%clk 00:08:42]} {[%emt 00:00:14]} Bxf6
{[%clk 00:01:31]} {[%emt 00:00:37]} 27. Rxf6 {[%clk 00:08:41]} {[%emt
00:00:12]} d5 {[%clk 00:01:23]} {[%emt 00:00:18]} 28. exd5 {[%clk 00:07:56]}
{[%emt 00:00:55]} Bxd5 {[%clk 00:01:26]} {[%emt 00:00:07]} 29. c3 {[%clk
00:06:55]} {[%emt 00:01:12]} e4 {[%clk 00:01:08]} {[%emt 00:00:28]} 30. Bb1
{[%clk 00:06:27]} {[%emt 00:00:37]} d3 {[%clk 00:00:50]} {[%emt 00:00:28]} 31.
Qe3 {[%clk 00:05:05]} {[%emt 00:01:32]} Bc4 {[%clk 00:00:37]} {[%emt 00:00:23]}
32. Rf4 {[%clk 00:04:51]} {[%emt 00:00:24]} Rce7 {[%clk 00:00:37]} {[%emt
00:00:11]} 33. Nf1 {[%clk 00:03:20]} {[%emt 00:01:39]} Qd5 {[%clk 00:00:45]}
{[%emt 00:00:02]} 34. Qe1 {[%clk 00:02:45]} {[%emt 00:00:45]} Ba2 {[%clk
00:00:32]} {[%emt 00:00:23]} 35. Ne3 {[%clk 00:01:40]} {[%emt 00:01:15]} Qe6
{[%clk 00:00:29]} {[%emt 00:00:13]} 36. Bxa2 {[%clk 00:01:15]} {[%emt
00:00:36]} Qxa2 {[%clk 00:00:37]} {[%emt 00:00:02]} 37. Qc1 {[%clk 00:01:20]}
{[%emt 00:00:05]} Rf7 {[%clk 00:00:38]} {[%emt 00:00:09]} 38. Rxf7 {[%clk
00:01:18]} {[%emt 00:00:12]} Kxf7 {[%clk 00:00:47]} 39. Qa1 {[%clk 00:01:17]}
{[%emt 00:00:11]} Qb3 {[%clk 00:00:51]} {[%emt 00:00:06]} 40. Qf1+ {[%clk
00:01:01]} {[%emt 00:00:26]} Kg7 {[%clk 00:00:58]} {[%emt 00:00:03]} 41. Qc1
{[%clk 00:00:54]} {[%emt 00:00:17]} Rf8 {[%clk 00:01:02]} {[%emt 00:00:05]} 42.
c4+ {[%clk 00:00:52]} {[%emt 00:00:13]} Kg8 {[%emt 00:00:17]} 43. Qc3 {[%clk
00:00:54]} bxc4 {[%clk 00:00:52]} {[%emt 00:00:21]} 44. Qxc4+ {[%clk 00:00:46]}
{[%emt 00:00:19]} Qxc4 {[%clk 00:00:57]} {[%emt 00:00:04]} 45. Nxc4 {[%clk
00:00:54]} {[%emt 00:00:02]} Rc8 {[%clk 00:00:58]} {[%emt 00:00:09]} 46. Ne3
{[%clk 00:00:57]} {[%emt 00:00:08]} Kf7 {[%clk 00:00:36]} {[%emt 00:00:31]} 47.
Kh2 {[%clk 00:00:55]} {[%emt 00:00:12]} Rb8 {[%clk 00:00:39]} {[%emt 00:00:07]}
48. Bc3 {[%clk 00:00:49]} {[%emt 00:00:16]} Rc8 {[%clk 00:00:38]} {[%emt
00:00:11]} 49. Kg3 {[%clk 00:00:56]} {[%emt 00:00:03]} Ke6 {[%clk 00:00:37]}
{[%emt 00:00:11]} 50. Kf4 {[%clk 00:00:57]} {[%emt 00:00:09]} h6 {[%clk
00:00:23]} {[%emt 00:00:25]} 51. Kxe4 {[%clk 00:01:01]} {[%emt 00:00:06]} Rd8
{[%clk 00:00:16]} {[%emt 00:00:16]} 52. Bd4 {[%clk 00:00:57]} {[%emt 00:00:13]}
Rf8 {[%clk 00:00:12]} {[%emt 00:00:15]} 53. Kxd3 {[%clk 00:01:02]} {[%emt
00:00:05]} Rd8 {[%clk 00:00:14]} {[%emt 00:00:08]} 54. Kc2 {[%clk 00:00:56]}
{[%emt 00:00:16]} Rxd4 {[%clk 00:00:16]} {[%emt 00:00:08]} 55. Kc3 {[%clk
00:00:55]} {[%emt 00:00:11]} Rd8 {[%clk 00:00:21]} {[%emt 00:00:04]} 56. Nc4
{[%clk 00:00:41]} {[%emt 00:00:24]} Rc8 {[%clk 00:00:26]} {[%emt 00:00:05]} 57.
Kb3 {[%clk 00:00:49]} {[%emt 00:00:03]} Rb8 {[%clk 00:00:22]} {[%emt 00:00:14]}
58. Ka4 {[%clk 00:00:54]} {[%emt 00:00:05]} Kd5 {[%clk 00:00:27]} {[%emt
00:00:05]} 59. Na5 {[%clk 00:00:55]} {[%emt 00:00:08]} Rf8 {[%clk 00:00:19]}
{[%emt 00:00:18]} 60. Nb3 {[%clk 00:00:56]} {[%emt 00:00:10]} Rf2 {[%clk
00:00:19]} {[%emt 00:00:10]} 61. g4 {[%clk 00:00:53]} {[%emt 00:00:13]} Rh2
{[%clk 00:00:24]} {[%emt 00:00:05]} 62. Nc5 {[%clk 00:00:59]} {[%emt 00:00:04]}
Rxh3 {[%clk 00:00:20]} {[%emt 00:00:14]} 63. Nxa6 {[%clk 00:01:08]} Rf3 {[%clk
00:00:17]} {[%emt 00:00:14]} 64. b5 {[%clk 00:01:01]} {[%emt 00:00:16]} h5
{[%clk 00:00:12]} {[%emt 00:00:15]} 65. gxh5 {[%clk 00:01:01]} {[%emt
00:00:11]} gxh5 {[%clk 00:00:21]} 66. Nb4+ {[%clk 00:01:06]} {[%emt 00:00:04]}
Kd6 {[%clk 00:00:26]} {[%emt 00:00:05]} 67. b6 {[%clk 00:01:02]} {[%emt
00:00:13]} Rf4 {[%clk 00:00:13]} {[%emt 00:00:24]} 68. Kb3 {[%clk 00:01:07]}
{[%emt 00:00:04]} h4 {[%clk 00:00:15]} {[%emt 00:00:09]} 69. b7 {[%clk
00:01:00]} {[%emt 00:00:18]} Rxb4+ {[%clk 00:00:00]} {[%emt 00:00:14]} 1-0